| 000 | 00594nam a2200193Ia 4500 | ||
|---|---|---|---|
| 005 | 20250508162115.0 | ||
| 008 | 008 250505s9999 xx 000 0 eng d | ||
| 037 | _aTextual | ||
| 040 |
_aFEDL _beng _cFEDL |
||
| 041 |
_aeng _2eng |
||
| 084 |
_a370.193 46, SHI _qFEDL |
||
| 100 | _aShingi Prakash M. | ||
| 245 | 0 | _aRural youth : education, occupation and social outlook | |
| 260 |
_aNew Delhi, India _bAbhinav Publications _c1980 |
||
| 300 | _aviii,109p | ||
| 700 |
_a N. P. Singh Jadhav Dilip _9772321 |
||
| 942 |
_cTEXL _h370.193 46, SHI |
||
| 999 |
_c1374423 _d1374423 |
||